Online Catalogue and eLibrary

Vidarshi (Record no. 991)

MARC details
000 -LEADER
fixed length control field 00329nam a2200145Ia 4500
005 - DATE AND TIME OF LATEST TRANSACTION
control field 20250519025802.0
008 - FIXED-LENGTH DATA ELEMENTS--GENERAL INFORMATION
fixed length control field 240331s9999 xx 000 0 und d
082 ## - DDC Classification
Class No. 300.5
Item Number - Author Mark VID
245 #0 - TITLE STATEMENT
Title Vidarshi
260 ## - PUBLICATION, DISTRIBUTION, ETC.
Date of publication, distribution, etc. 1993
300 ## - PHYSICAL DESCRIPTION
Extent (e.g. Volumes, Pages etc.) 104 p .,
500 ## - GENERAL NOTE
General note Women Journal - ( Vidarshi)
700 ## - ADDED ENTRY--PERSONAL NAME
Personal name Rajakaruna,S.
Relator term (Role) Editor
942 ## - Koha item type (Biblio)
Koha item type Books in Stacks (Lending)
Holdings
Lost status Damaged status Collection code Home library Current library Shelving location Date acquired Full call number Accession Number Item type
    Lending WERC Library WERC Library Social Science Cupboard 03/31/2024 300.5 VID 1764 Books in Stacks (Lending)

© WERC Library